00630nam a22001937a 450000500170000001000150001702000270003202000230005903500130008203700130009508200190010824501080012726000460023527000660028130000260034750000200037370000200039370000230041320170208113428.0 aENG-112393 a9780199457779c995.00  a199457778c995.00  aEN-95925 bDBAD/PUB a307.1216091724 aThe urban imperative : bedited by Edward Glaeser [and] Abha Joshi-Ghanictowards competitive cities /  aNew Delhi bOxford University Pressc2015 aYMCA Library Building, 1 Jai Singh Road, bNew Delhi e110001 axivii,463p.c23cm(Hb) aIncludes index  aGlaeser, Edward aGhani, Abha Joshi